01016cam a2200265 a 450000100100000000500170001000800410002701000130006804000180008108200200009910000400011924501480015926000560030730000210036349000150038465000260039965000280042565000280045365000290048170000290051070000390053991000340057895201230061299900150073500000515020200929151607.0920728s1988 cu 000 0 spa  a92191588 aDO-SdBNPcDLC aCu861.44bG158m1 aGalindo Lena, Carlos,d1929-91473310aMortal como una paloma en pleno vuelo /cCarlos Galindo Lena ; nota introductoria y selección de Francisco de Oraá, edición, Raúl Luis. aLa Habana, Cuba :bEditorial Letras Cubanas,c1988. a128 p. ;c18 cm.0 aGiraldilla 4aPoesía cubana95226 4aTiempoxPoesía914734 4aTierraxPoesía914735 4aSoldadoxPoesía9147361 aRaúl, Luiseed.9147371 aOraá, Francisco deeintr.914738 aCatalogación por copia / LC 001052708MOaGRbGRcCTd2009-07-29iLF1l0oCu861.44 G158mp5150-10r2020-06-25w2020-06-25y2ZPréstamo interno c4953d4953